000 00425 a2200157 4500
999 _c12841
_d12841
003 OSt
005 20240801105514.0
008 240801b ||||| |||| 00| 0 eng d
020 _a9781568987651
082 _a745.61
100 _a Bruce Willen and Nolen Strals
245 _aLettering and Type: Creating Letters and Designing Typefaces
260 _bPrinceton Architectural Press
_c2009
300 _a129p;
942 _2ddc